Poesia in forma di rosa /

Gespeichert in:
Bibliographische Detailangaben
1. Verfasser: Pasolini, Pier Paolo (Verfasst von)
Weitere Verfasser: Esposito, Edoardo, (1947- )
Format: Buch
Sprache:Italienisch
Veröffentlicht: [Milano] : Garzanti, [2001]
Schriftenreihe:Gli elefanti
Tags: Tag hinzufügen
Keine Tags, Fügen Sie das erste Tag hinzu!

MARC

LEADER 00000nam a22000007i 4500
001 IT\ICCU\UBO\1599643
003 ItRI
005 20241231112613.0
008 020314s2001 it |||||| ||||| |||||c
020 |a 8811676088 
020 |a 9788811676089 
040 |b ita  |c Arcigay Rimini 
041 7 |a ita  |2 ISO-639-2 
100 1 |a Pasolini, Pier Paolo  |0 IT\ICCU\CFIV\001068  |4 aut 
245 1 0 |a Poesia in forma di rosa /  |c Pier Paolo Pasolini ; prefazione di Edoardo Esposito. 
260 |a [Milano] :  |b Garzanti,  |c [2001] 
300 |a XI, 211 p. ;  |c 19 cm 
700 1 |a Esposito, Edoardo,  |d  (1947- )  |0 IT\ICCU\CFIV\039405 
830 4 |a Gli elefanti  |0 IT\ICCU\CFI\0015745 
942 |2 ddc  |c BK 
952 |0 0  |1 0  |2 ddc  |4 0  |6 851_900000000000000_PAS_POE  |7 1  |9 2574  |a RN  |b RN  |d 2024-12-31  |l 0  |o 851.9 PAS POE  |p 10018  |r 2024-12-31 11:27:18  |w 2024-12-31  |y BK 
981 1 |6 z01  |a i   |b xxxe  
982 1 |6 z01  |a n 
999 |c 2233  |d 2233